Dôchodková reforma a jej podstatné súčasti

Asociácia správcovských spoločností sleduje aktivity MPSVR SR súvisiace s dôchodkovou reformou. Vo vyspelých krajinách sveta - prechod k tzv. trojpilierovému systému. Tri základné piliere v podmienkach Slovenska: 1. pilier - priebežný systém, 2. pilier - kapitalizačný systém, 3. pilier - dobrovoľný...

Descripción completa

Guardado en:
Detalles Bibliográficos
Autor principal: Goceliak, Peter
Formato: Capítulo de libro
Lenguaje:eslovaco
inglés
Materias:
Etiquetas: Agregar Etiqueta
Sin Etiquetas, Sea el primero en etiquetar este registro!

MARC

LEADER 00000naa a2200000 4500
001 r046979
005 20230426120602.6
041 0 |a slo 
041 0 |a eng 
044 |a SK 
245 1 0 |a Dôchodková reforma a jej podstatné súčasti  |c Peter Goceliak 
520 |a Asociácia správcovských spoločností sleduje aktivity MPSVR SR súvisiace s dôchodkovou reformou. Vo vyspelých krajinách sveta - prechod k tzv. trojpilierovému systému. Tri základné piliere v podmienkach Slovenska: 1. pilier - priebežný systém, 2. pilier - kapitalizačný systém, 3. pilier - dobrovoľný doplnkový systém. 2. pilier - kapitalizačný dôchodkový systém má 2 fázy: fázu sporenia a fázu poistenia. 
610 2 0 |a dôchodky starobné 
610 2 0 |a reformy dôchodkové 
610 2 0 |a poistenie dôchodkové 
610 2 0 |a poistenie dôchodkové doplnkové 
610 2 0 |a Slovensko 
100 1 |a Goceliak, Peter